Normal view MARC view

Entry Personal Name

Number of records used in: 2

001 - CONTROL NUMBER

  • control field: 27650

003 - CONTROL NUMBER IDENTIFIER

  • control field: dpl

005 - DATE AND TIME OF LATEST TRANSACTION

  • control field: 20110504123534.0

008 - FIXED-LENGTH DATA ELEMENTS

  • fixed length control field: 110504|||a|||||| | ||| d

040 ## - CATALOGING SOURCE

  • Original cataloging agency: dpl
  • Transcribing agency: dpl

100 ## - HEADING--PERSONAL NAME

  • Personal name: शम्सुल इस्लाम

670 ## - SOURCE DATA FOUND

  • Source citation: Work cat.: (dpl): शम्सुल इस्लाम, (अठारह सौ सत्तावन )1857 की हैरतअंगेज़ दास्तानें /, 2010

670 ## - SOURCE DATA FOUND

  • Source citation: Work cat.: (dpl): शम्सुल इस्लाम, (अठारह सौ सत्तावन )1857 की हैरतअंगेज़ दास्तानें /, 2010

© Delhi Public Library
Hit Counter
free hit counter